<?xml version="1.0" encoding="UTF-8"?>
<collection xmlns="http://www.loc.gov/MARC21/slim">
 <record>
  <leader>00557pamaa2200169   4500</leader>
  <controlfield tag="001">0000017637</controlfield>
  <controlfield tag="005">20060511090000.0</controlfield>
  <datafield tag="020" ind1="0" ind2="0">
   <subfield code="a">0534222544 </subfield>
  </datafield>
  <datafield tag="082" ind1=" " ind2=" ">
   <subfield code="a">371.5 EPA</subfield>
  </datafield>
  <datafield tag="090" ind1="0" ind2="0">
   <subfield code="a">LB3013 </subfield>
   <subfield code="b">EPA 1994</subfield>
  </datafield>
  <datafield tag="100" ind1="1" ind2="0">
   <subfield code="a">EPANCHIN </subfield>
  </datafield>
  <datafield tag="245" ind1="1" ind2="0">
   <subfield code="a">Constructive classroom management : </subfield>
   <subfield code="b">strategies for creating positive learning environments  </subfield>
   <subfield code="c">Betty C. Epanchin, Brenda Townsend and Kim Stoddard.</subfield>
  </datafield>
  <datafield tag="260" ind1="0" ind2="0">
   <subfield code="a">California: </subfield>
   <subfield code="b">Brooks/Cole Pub., </subfield>
   <subfield code="c">1994.</subfield>
  </datafield>
  <datafield tag="300" ind1=" " ind2=" ">
   <subfield code="a">xiii, 365p.: </subfield>
   <subfield code="b">25cm.</subfield>
  </datafield>
  <datafield tag="650" ind1="0" ind2="0">
   <subfield code="a">Classroom management </subfield>
  </datafield>
  <datafield tag="700" ind1="1" ind2="1">
   <subfield code="a">Townsend, </subfield>
   <subfield code="h">Brenda </subfield>
  </datafield>
  <datafield tag="700" ind1="1" ind2="1">
   <subfield code="a">Stoddard, </subfield>
   <subfield code="h">Kim </subfield>
  </datafield>
 </record>
</collection>
